Základy hornické geofyziky /

Hlavní autor: Müller, Karel, 1929-2013
Další autoři: Hofrichterová, Libuše, 1945-
Jazyk: Čeština
Vydáno: Ostrava : Vysoká škola báňská, 1981
Vydání: 1. vyd.
Témata:
Fyzický popis: 161 s. : il., mapy ; 4°
Knihy
Uloženo v:
LEADER 00996nam a22002892a 4500
001 000934415
003 CZ BrMZK
005 20090323104100.0
007 ta
008 090323s1981 xr ab er|||||||||||cze d
015 |a cnb000161408 
035 |a (OCoLC)42161764 
040 |a ABA001  |b cze  |c ABA001  |d ABA001  |d BOA001 
080 9 |a 550.3:550.8(075.8) 
100 1 |a Müller, Karel,  |d 1929-2013  |7 jo2002105739  |4 aut 
245 1 0 |a Základy hornické geofyziky /  |c Karel Müller, Libuše Hofrichterová 
250 |a 1. vyd. 
260 |a Ostrava :  |b Vysoká škola báňská,  |c 1981  |e (Frýdek-Místek :  |f MTZ 24) 
300 |a 161 s. :  |b il., mapy ;  |c 4° 
500 |a 800 výt. 
504 |a Obsahuje bibliografii 
700 1 |a Hofrichterová, Libuše,  |d 1945-  |7 mzk2005290075  |4 aut 
910 |a BOA001  |b 4-0836.567 
964 |a Důlní geofyzika - učebnice - vysoké školy 
990 |a BK 
991 |b 200903 
996 6 |b BC-684707  |c 4-0836.567  |l MZK  |r Sklad / do 1 hodiny  |n 0  |w 000934415  |u 000010  |a 1  |e BOA001  |j MZK50  |s P